Instituciones educativas (Registro nro. 2415)
[ vista simple ]
| 000 -LEADER | |
|---|---|
| fixed length control field | 00982 a2200241 4500 |
| 001 - CONTROL NUMBER | |
| control field | 34099 |
| 005 - DATE AND TIME OF LATEST TRANSACTION | |
| control field | 20260407155630.0 |
| 008 - FIXED-LENGTH DATA ELEMENTS--GENERAL INFORMATION | |
| fixed length control field | 260407a2013 arg spa d |
| 003 - CONTROL NUMBER IDENTIFIER | |
| control field | AR-UNSa-BCEJYS |
| 040 ## - CATALOGING SOURCE | |
| Original cataloging agency | AR-UNSa-BCEJYS |
| Language of cataloging | spa |
| Transcribing agency | AR-UNSa-BCEJYS |
| 080 ## - UNIVERSAL DECIMAL CLASSIFICATION NUMBER | |
| Universal Decimal Classification number | 371.2 |
| Common auxiliary subdivision | Organización de las instituciones educativas y de la enseñanza |
| 020 ## - INTERNATIONAL STANDARD BOOK NUMBER | |
| International Standard Book Number | 978-950-12-3249-3 |
| 041 ## - LANGUAGE CODE | |
| Language code of text/sound track or separate title | spa |
| 100 1# - MAIN ENTRY--PERSONAL NAME | |
| Personal name | Fernández, Lidia M. |
| 245 10 - TITLE STATEMENT | |
| Title | Instituciones educativas |
| Name of part/section of a work | dinámicas institucionales en situaciones críticas |
| 250 ## - EDITION STATEMENT | |
| Edition statement | 1a ed., 8a. reimp. |
| 264 #1 - PRODUCTION, PUBLICATION, DISTRIBUTION, MANUFACTURE, AND COPYRIGHT NOTICE | |
| Place of production, publication, distribution, manufacture | Buenos Aires : |
| Name of producer, publisher, distributor, manufacturer | Paidós |
| Date of production, publication, distribution, manufacture, or copyright notice | 2013 |
| 300 ## - PHYSICAL DESCRIPTION | |
| Extent | 305 p. |
| Dimensions | 22 cm. |
| 505 ## - FORMATTED CONTENTS NOTE | |
| Formatted contents note | 1. Análisis de las instituciones educativas - 2. Dinámicas institucionales en situaciones críticas - 3. Prácticas institucionales en el espacio educativo |
| 590 ## - LOCAL NOTE (RLIN) | |
| Local note | niveau_biblio:m niveau_hierar:0 |
| 856 41 - ELECTRONIC LOCATION AND ACCESS | |
| Uniform Resource Identifier | <a href="https://biblioeco.unsa.edu.ar/pmb/images/libros/instituciones_educativas.jpg">https://biblioeco.unsa.edu.ar/pmb/images/libros/instituciones_educativas.jpg</a> |
| Link text | Imagen de portada |
| Electronic format type | image/jpeg |
| 942 ## - ADDED ENTRY ELEMENTS (KOHA) | |
| Koha item type | |
| Withdrawn status | Lost status | Damaged status | Not for loan | Home library | Current library | Shelving location | Date acquired | Total checkouts | Full call number | Barcode | Date last seen | Price effective from | Koha item type |
|---|---|---|---|---|---|---|---|---|---|---|---|---|---|
| Biblioteca Prof. Eusebio Cleto del Rey | Biblioteca Prof. Eusebio Cleto del Rey | 07/04/2026 | P371.2 F362 | L125456 | 07/04/2026 | 07/04/2026 | Libro | ||||||
| Biblioteca Prof. Eusebio Cleto del Rey | Biblioteca Prof. Eusebio Cleto del Rey | 07/04/2026 | P371.2 F362 | L125457 | 07/04/2026 | 07/04/2026 | Libro | ||||||
| Biblioteca Prof. Eusebio Cleto del Rey | Biblioteca Prof. Eusebio Cleto del Rey | 07/04/2026 | 371.2 F362 | L69931 | 07/04/2026 | 07/04/2026 | Libro |